| 000 | 00464nam a22001817a 4500 | ||
|---|---|---|---|
| 003 | NUST - PNEC | ||
| 005 | 20170116180902.0 | ||
| 008 | 150901b xxu||||| |||| 00| 0 eng d | ||
| 020 | _a81-98030-029-3 | ||
| 040 | _cLIBRARY | ||
| 082 | _a547.1 SIN | ||
| 100 |
_96391 _aSingh, Ayodhya |
||
| 245 |
_aText Book of Organic Reaction Mechanism _cAyodhya Singh |
||
| 260 | _c2003 | ||
| 300 | _a357p. | ||
| 650 |
_96393 _aMechanical Engineering _xME |
||
| 942 |
_2ddc _cBK |
||
| 999 |
_c64985 _d64985 |
||